00393nam a22001457a 450000500170000001000130001702000150003003500130004503700320005808200110009010000220010124500560012326000450017930000230022420181116114655.0 aB-041105 a8176460591 aB-041105 bB.R. Publishing Corporation a954.08 aLohia, Rammanohar aGuilty men of India's partition /cRammanohar Lohia aDelhibB.R. Publishing Corporationc2002 a101p. c22cm (pbk)